01477nam a22003134a 4500001000400000003000800004005001700012008004100029020001800070040003100088041000800119082001700127100002000144245010200164260003500266300002700301520049400328650003200822650003100854650002600885650001800911650001800929655001600947655002000963700001800983942001501001952013401016999001301150510BR-RjBN20260522073111.0150101s2015 mg 000 f por d a9788582861721 bporaBR-IBIAcBR-IBIAerda1 apor a028.5bP644a1 aPimenta, Paula.10aAzar no jogo, sorte no amor? :bfazendo meu filme em quadrinhos #2 /cPaula Pimenta, Valdo Alves. aBelo Horizonte :bNemo,c2015. a80 p. :bil. ;c23 cm. aNo segundo volume de Fazendo meu filme em quadrinhos, os personagens enfrentam situações inesperadas envolvendo rivalidade entre torcidas de futebol. Após Alan se envolver em uma confusão durante um jogo, toda a turma acaba participando da confusão e vivendo momentos de azar. Em meio aos acontecimentos, os personagens passam a descobrir mais sobre amizade, sentimentos e relacionamentos amorosos. A narrativa combina humor, aventura e situações típicas da adolescência. 0aLiteratura brasileira.9205 0aHistórias em quadrinhos. 0aAdolescência.91093 0aFutebol.9566 0aAmizade.9556 0aQuadrinhos. 0aFicção.9221 aAlves, Valdo. 2ddcn0cBK 00102ddc40708FICaBIBIBbBIBIBcIJd2026-05-20edoaçãol0o028.5 / P644ap2026-17445r2026-05-20 08:33:09w2026-05-20yBK c510d510